Géographie par lettre - A - Statistiques

Statistiques générales
  • Ce quiz a été pris 54 520 fois
  • Le résultat moyen est 11 sur 22
Statistiques - réponses
allusion réponse % Correct
Pays pyrénéen Andorre
90%
Plus grand pays de l'hémisphère sud Australie
90%
Pays d'origine du pape François Argentine
87%
Le plus grande fleuve du monde en volume Amazone
75%
Cinquième langue la plus parlée au monde arabe
67%
Un ensemble d'îles relativement proches les unes des autres archipel
67%
Mer entre l'Italie et les Balkans Adriatique
66%
Ville méditerranéenne égyptienne Alexandrie
63%
Un livre de cartes atlas
61%
Première démocratie mondiale Athènes
50%
Capitale du Paraguay Asunción
49%
Envahi par l'URSS et les États-Unis depuis 1979 Afghanistan
48%
Etat, acheté pour environ 6 millions d'euros en 1867 Alaska
48%
L'archipel portugais; sa capitale est Ponta Delgada Açores
42%
Langue néerlandaise parlée en Afrique du Sud afrikaans
41%
La capitale de la Nouvelle-Zélande jusqu'en 1865 Auckland
39%
Ville d'origine d'Etihad Airways Abou Dabi
34%
Province canadienne Alberta
33%
Troisième plus grande ville d'Écosse Aberdeen
29%
La plus haute montagne des Andes, 6962 m Aconcagua
13%
L'arche de Noé est réputée s'être échouée ici Ararat
13%
Cette ville fait partie de la France depuis 1791 Avignon
13%
Aucun quiz correspondant
Distribution des résultats
% des personnes avec chaque résultat
Percentile par nombre de réponses
Votre historique - résultats
Vous n’avez pas pris ce quiz